Statistics for Every city in Santa Cruz, Argentina

Click here to take the quiz!

General Stats

  • This quiz has been taken 14 times
  • The average score is 11 of 35

Answer Stats

PopulationCity% Correct
109.991Río Gallegos
100%
69.896Caleta Olivia
80%
23.065El Calafate
80%
7.894Puerto San Julián
80%
1.627El Chaltén
60%
22.794Las Heras
60%
14.183Puerto Deseado
60%
4.431Puerto Santa Cruz
60%
580Aike Güer
40%
33Bajo Caracoles
40%
879Cañadon Seco
40%
4.497Gobernador Gregores
40%
3.363Los Antiguos
40%
4.617Perito Moreno
40%
30.396Pico Truncado
40%
15.276Río Turbio
40%
6.14528 De Noviembre
20%
6.405Comandante Luis Piedrabuena
20%
326Fitz Roy
20%
1Gobernador Moyano
20%
420Jaramillo
20%
266Lago Posadas
20%
677Rospentek
20%
282Tres Lagos
20%
19El Pluma
0%
28El Salado
0%
55El Turbio
0%
135Esperanza
0%
293Julia Dufour
0%
250Koluel Kaike
0%
212Puerto De Punta Quilla
0%
62Ramón Lista
0%
45Río Chico
0%
58Tellier
0%
28Tres Cerros
0%

Score Distribution

Percentile by Number Answered

Percent of People with Each Score

Your Score History

You have not taken this quiz